|
|
|
|
| LEADER |
00000nam a2200000Ii 4500 |
| 001 |
DIGEPUJ0523 |
| 003 |
NyNyDIG |
| 006 |
m o d |
| 007 |
cr ||||||||||| |
| 008 |
260205s2025 ck a o 000 j spa d |
| 035 |
|
|
|a (OCoLC)1550522729
|
| 040 |
|
|
|a DGITA
|b eng
|e rda
|e pn
|c DGITA
|
| 020 |
|
|
|a 9786285020032
|q (digital)
|
| 020 |
|
|
|z 9786285020025
|q (impreso)
|
| 024 |
7 |
|
|a http://doi.org/10.11144/Javeriana.9786285020032
|2 doi
|
| 050 |
1 |
4 |
|a PQ8176.S5 ebook
|
| 100 |
1 |
|
|a Sierra Vásquez, Laura,
|e author.
|
| 245 |
1 |
0 |
|a Isla Maravilla /
|c Laura Sierra Vásquez y Olga Patricia Barón Buitrago ; ilustración, Camila Betancourt.
|
| 250 |
|
|
|a Primera edición.
|
| 264 |
|
1 |
|a Bogotá :
|b Editorial Pontificia Universidad Javeriana,
|c [2025]
|
| 300 |
|
|
|a 1 online resource :
|b illustrations.
|
| 336 |
|
|
|a text
|b txt
|2 rdacontent
|
| 336 |
|
|
|a still image
|b sti
|2 rdacontent
|
| 337 |
|
|
|a computer
|b c
|2 rdamedia
|
| 338 |
|
|
|a online resource
|b cr
|2 rdacarrier
|
| 347 |
|
|
|a text file
|2 rdaft
|
| 347 |
|
|
|b EPUB
|
| 588 |
0 |
|
|a Online resource; title from ePub title page (Digitalia, viewed February 5, 2026)
|
| 655 |
|
7 |
|a Short stories.
|2 lcgft
|
| 700 |
1 |
|
|a Barón Buitrago, Olga Patricia,
|e author.
|
| 700 |
1 |
|
|a Betancourt, Camila,
|e illustrator.
|
| 791 |
2 |
|
|a Digitalia (Firm),
|e distributor.
|
| 793 |
0 |
|
|g Digitalia eBook Collection:
|a Pontificia Universidad Javeriana
|
| 776 |
0 |
8 |
|i Print version:
|a Sierra Vásquez, Laura.
|t Isla Maravilla.
|b Primera edición.
|d Bogotá : Editorial Pontificia Universidad Javeriana, [2025]
|z 9786285020025
|
| 856 |
4 |
0 |
|3 Digitalia Hispánica
|u https://www.digitaliapublishing.com/a/183384/
|
| 910 |
|
|
|a Premium collection: 2026
|